NBA All-Time Starting Lineups - Statistics

General Stats
  • This quiz has been taken 218 times
  • The average score is 101 of 150
Answer Stats
Team Hint Answer % Correct
Cleveland Cavaliers PG Kyrie Irving
95%
Chicago Bulls SG Michael Jordan
95%
Milwaukee Bucks C Kareem Abdul-Jabbar
94%
Cleveland Cavaliers SF LeBron James
94%
Miami Heat PF LeBron James
94%
Milwaukee Bucks PF Giannis Antetokounmpo
92%
Philadelphia 76ers SG Julius Erving
92%
Brooklyn Nets SF Julius Erving
92%
Utah Jazz PF Karl Malone
92%
Philadelphia 76ers C Moses Malone
92%
Houston Rockets PF Moses Malone
92%
Los Angeles Lakers C Shaquille O'Neal
92%
Orlando Magic C Shaquille O'Neal
92%
Philadelphia 76ers PG Allen Iverson
91%
Dallas Mavericks C Dirk Nowitzki
91%
Boston Celtics SF Larry Bird
91%
Chicago Bulls SF Scottie Pippen
91%
Golden State Warriors C Wilt Chamberlain
91%
Brooklyn Nets PF Kevin Durant
90%
Oklahoma City Thunder PF Kevin Durant
90%
Golden State Warriors PF Kevin Durant
90%
Oklahoma City Thunder SF Ray Allen
89%
Chicago Bulls PF Dennis Rodman
88%
Minnesota Timberwolves C Kevin Garnett
88%
Los Angeles Lakers PG Magic Johnson
88%
Boston Celtics C Bill Russell
87%
Los Angeles Clippers PG Chris Paul
87%
New Orleans Pelicans PG Chris Paul
87%
San Antonio Spurs C David Robinson
87%
Brooklyn Nets PG Jason Kidd
87%
Los Angeles Lakers SG Jerry West
87%
Los Angeles Lakers SF Kobe Bryant
87%
Golden State Warriors PG Stephen Curry
87%
Miami Heat SG Dwyane Wade
86%
Phoenix Suns PG Steve Nash
86%
New York Knicks SF Carmelo Anthony
85%
Denver Nuggets PF Carmelo Anthony
85%
Portland Trail Blazers PG Damian Lillard
85%
Los Angeles Clippers SF Kawhi Leonard
85%
Toronto Raptors PF Kawhi Leonard
85%
San Antonio Spurs SF Kawhi Leonard
85%
Dallas Mavericks SG Luka Doncic
85%
Oklahoma City Thunder PG Russell Westbrook
85%
Chicago Bulls PG Derrick Rose
84%
Utah Jazz PG John Stockton
84%
San Antonio Spurs PF Tim Duncan
84%
New Orleans Pelicans C Anthony Davis
83%
Houston Rockets C Hakeem Olajuwon
83%
Brooklyn Nets SG James Harden
83%
Houston Rockets PG James Harden
83%
Milwaukee Bucks PG Oscar Robertson
83%
Sacramento Kings SG Oscar Robertson
83%
New Orleans Pelicans SG Baron Davis
82%
Denver Nuggets C Nikola Jokic
82%
New York Knicks C Patrick Ewing
82%
Memphis Grizzlies C Pau Gasol
82%
Phoenix Suns SF Walter Davis
82%
Denver Nuggets SG David Thompson
81%
Phoenix Suns SG Dennis Johnson
81%
Detroit Pistons PG Isiah Thomas
81%
Charlotte Hornets PF Larry Johnson
81%
Milwaukee Bucks SF Marques Johnson
81%
Toronto Raptors C Chris Bosh
80%
Minnesota Timberwolves PF Kevin Love
80%
San Antonio Spurs PG Tony Parker
80%
Toronto Raptors SF Vince Carter
80%
Washington Wizards PG John Wall
79%
Boston Celtics PG Bob Cousy
78%
Indiana Pacers PF Jermaine O'Neal
78%
Indiana Pacers SF Paul George
78%
Orlando Magic PF Dwight Howard
75%
Orlando Magic PG Penny Hardaway
75%
Miami Heat PG Tim Hardaway
75%
Houston Rockets SF Clyde Drexler
74%
Portland Trail Blazers SG Clyde Drexler
74%
Atlanta Hawks SF Dominique Wilkins
74%
Atlanta Hawks PG Trae Young
74%
Oklahoma City Thunder SG Gary Payton
73%
Boston Celtics PF Kevin McHale
73%
Orlando Magic SG Tracy McGrady
73%
Houston Rockets SG Tracy McGrady
73%
Washington Wizards SF Bradley Beal
72%
Toronto Raptors PG Kyle Lowry
72%
Memphis Grizzlies PG Ja Morant
71%
Miami Heat C Alonzo Mourning
70%
Charlotte Hornets C Alonzo Mourning
70%
Detroit Pistons PF Ben Wallace
70%
Toronto Raptors SG DeMar DeRozan
70%
Charlotte Hornets PG Kemba Walker
70%
Portland Trail Blazers C Bill Walton
69%
Atlanta Hawks PF Bob Pettit
68%
Los Angeles Lakers PF Elgin Baylor
68%
Golden State Warriors SF Rick Barry
68%
New York Knicks PG Walt Frazier
68%
Washington Wizards C Wes Unseld
68%
Memphis Grizzlies SG Mike Conley
67%
Denver Nuggets SF Alex English
65%
Brooklyn Nets C Buck Williams
65%
Detroit Pistons SG Joe Dumars
65%
Oklahoma City Thunder C Shawn Kemp
65%
Atlanta Hawks C Dikembe Mutombo
64%
Los Angeles Clippers C Bob McAdoo
63%
Washington Wizards PF Elvin Hayes
63%
San Antonio Spurs SG George Gervin
63%
Phoenix Suns C Amar'e Stoudemire
62%
Chicago Bulls C Artis Gilmore
61%
Cleveland Cavaliers SG Mark Price
61%
New York Knicks PF Willis Reed
61%
Golden State Warriors SG Chris Mullin
60%
Detroit Pistons SF Grant Hill
59%
Miami Heat SF Jimmy Butler
59%
Minnesota Timberwolves SG Jimmy Butler
59%
Memphis Grizzlies PF Zach Randolph
59%
Sacramento Kings C DeMarcus Cousins
58%
Charlotte Hornets SG Eddie Jones
54%
New Orleans Pelicans PF Zion Williamson
54%
Utah Jazz SG Pete Maravich
53%
Milwaukee Bucks SG Sidney Moncrief
50%
Utah Jazz C Mark Eaton
49%
Washington Wizards SG Gilbert Arenas
47%
Portland Trail Blazers PF LaMarcus Aldridge
47%
Minnesota Timberwolves PG Sam Cassell
47%
Phoenix Suns PF Shawn Marion
47%
Charlotte Hornets SF Glen Rice
44%
Utah Jazz SF Adrian Dantley
42%
Philadelphia 76ers PF Dolph Schayes
42%
Detroit Pistons C Bob Lanier
39%
Cleveland Cavaliers C Brad Daugherty
38%
Denver Nuggets PG Fat Lever
35%
Sacramento Kings PG Nate Archibald
35%
Philadelphia 76ers SF Billy Cunningham
34%
Los Angeles Clippers PF Elton Brand
34%
Dallas Mavericks PF Mark Aguirre
33%
Sacramento Kings PF Jerry Lucas
31%
Indiana Pacers SG Victor Oladipo
31%
Dallas Mavericks PG Derek Harper
30%
Cleveland Cavaliers PF Larry Nance
30%
Sacramento Kings SF Mitch Richmond
30%
Orlando Magic SF Rashard Lewis
26%
Memphis Grizzlies SF Shareef Abdur-Rahim
23%
Atlanta Hawks SG Lou Hudson
22%
Dallas Mavericks SF Jamal Mashburn
20%
New Orleans Pelicans SF Jamal Mashburn
20%
Los Angeles Clippers SG World B. Free
17%
Portland Trail Blazers SF Jerome Kersey
14%
New York Knicks SG Richie Guerin
13%
Boston Celtics SG John Halvicek
1%
Indiana Pacers C Mel Daniels
1%
Indiana Pacers PG Freddie Lewis
0%
Minnesota Timberwolves SF Tom Gugliotta
0%
No matching quizzes found
Score Distribution
Percent of People with Each Score
Percentile by Number Answered
Your Score History
You have not taken this quiz